000 00678nam a2200289Ia 4500
005 20260324123601.0
008 008 260324s9999 xx 000 0 eng d
020 _a9780203814321
037 _aEBOOK
040 _aCRL
040 _beng
040 _cCRL
041 _2eng
041 _aeng
084 _qCRL
100 _aYehezkel Dror
_9999847
245 0 _aIsraeli Statecraft
245 0 _bNational Security Challenges and Responses
260 _bTaylor and Francis
260 _c2011
365 _a
365 _b240
856 _uhttp://www.taylorfrancis.com/books/9780203814321
942 _cEBOOK
999 _c1764518
_d1764518